Vista normal
Vista MARC
Entrada Nombre personal
Número de registros utilizados en: 2
001 - NÚMERO DE CONTROL
- Campo de control: 42477
003 - IDENTIFICADOR DE NÚMERO DE CONTROL
- Campo de control: OSt
005 - FECHA Y HORA DE LA ULTIMA MODIFICACION
- Campo de control: 20180410172351.0
008 - ELEMENTOS DE DATOS DE LONGITUD FIJA
- Campo de longitud fija: 180410|| aca||aabn | a|a d
040 ## - FUENTE DE LA CATALOGACIÓN
- Agencia original de catalogación: OSt
100 1# - ENCABEZAMIENTO--NOMBRE DE PERSONA
- Nombre personal: Escobar Ventura, Sergio Ricardo
400 1# - TRAZADO VEÁSE--NOMBRE DE PERSONA
- Nombre personal: Escobar, Ricardo
400 1# - TRAZADO VEÁSE--NOMBRE DE PERSONA
- Nombre personal: Ventura, Sergio
670 ## - FUENTE DE DATOS ENCONTRADOS
- Fuente de citación: Pasantía, Juan José Rodríguez y Juan José Rodríguez Arquitectos Consultores S.A. de C.V.
670 ## - FUENTE DE DATOS ENCONTRADOS
- Fuente de citación: BMC-10-04-2018